000
00342nam a2200157Ia 4500
008
100122s9999 xx 000 0 und d
082
_b
76031
_a
920.72
100
_a
GARSON HELEN S.
245
_a
OPRAH WINFREY
250
_a
1
260
_c
2009
300
_a
174
630
_a
OPRAH WINFREY
730
_a
OPRAH WINFREY
942
_c
BOOK
999
_c
392275
_d
392272